[Event "3rd Sharjah Masters 2019"]
[Site "Sharjah"]
[Date "2019.03.30"]
[Round "9.17"]
[White "Le, Quang Liem"]
[Black "Sadhwani, Raunak"]
[Result "1-0"]
[WhiteElo "2715"]
[BlackElo "2455"]
[Annotator "TA"]
[PlyCount "117"]
[EventDate "2019.03.22"]
[EventType "swiss"]
[EventCountry "UAE"]
[SourceTitle "playchess.com"]
[Source "ChessBase"]
[SourceQuality "1"]

{[%evp 12,117,37,0,17,17,13,13,26,33,27,20,45,22,48,35,52,58,53,52,42,42,65,28,52,26,34,35,47,35,52,0,50,41,54,40,42,29,70,28,53,56,59,54,55,17,84,21,47,31,62,69,67,55,52,52,56,8,8,6,17,8,6,6,49,39,53,52,32,34,46,51,59,8,8,16,75,8,8,8,8,8,8,8,8,8,8,8,8,8,8,8,8,8,8,8,8,8,8,8,8,8,8,8,8,8,12845,11354]} 1. e4 e5 2. Bc4 Nf6 3. d3 c6 4. Nf3 d5 5. Bb3 Bb4+ 6. Bd2 Bxd2+ 7. Nbxd2 (7. Qxd2 {with more complications.} a5 8. a4 Qd6 9. Qg5 O-O 10. Qxe5 Qxe5 11. Nxe5 dxe4 12. d4) 7... Nbd7 {C24: Bishop's Opening: 2...Nf6} (7... a5 8. a4 Bg4 9. h3 Bxf3 10. Qxf3 O-O 11. O-O dxe4 12. Nxe4 Nxe4 13. Qxe4 Nd7 14. Qe3 Re8 15. Rae1 Nf6 16. Re2 e4 {½-½ (16) Rapport,R (2731)-Ding,L (2813) Wijk aan Zee 2019}) 8. O-O O-O 9. Re1 Re8 {The position is equal.} 10. d4 exd4 {[%cal Rf6e4]} 11. exd5 cxd5 $146 ({Predecessor:} 11... Rxe1+ 12. Qxe1 cxd5 13. Nxd4 Nc5 14. N2f3 Nce4 15. h3 {0-1 (72) Rublevsky,S (2702)-Safarli,E (2657) Berlin 2015}) 12. Nxd4 Nc5 13. Nf1 Bg4 14. Rxe8+ Qxe8 15. Qd2 Qd7 16. f3 Bh5 17. Re1 Bg6 18. Re3 h6 19. c3 Re8 20. Ne2 Ne6 21. Nd4 Nc5 22. Bd1 a6 23. b4 Ne6 24. Bb3 Nc7 25. a4 b6 26. Rxe8+ Qxe8 27. Ne3 a5 28. h3 Kh7 {[#]} (28... Na6 $11 {remains equal.}) 29. Kf2 (29. bxa5 $1 $16 bxa5 30. c4) 29... Qe7 30. Nef5 Qd7 31. Nh4 Ne6 32. Nxg6 fxg6 33. Ne2 Qd6 34. g3 g5 35. Bc2+ Kg8 36. Bf5 Kf7 37. Qe3 g6 38. Bxe6+ Qxe6 39. bxa5 bxa5 40. Qa7+ Qd7 41. Qxa5 Qxh3 42. Ke3 (42. Qa8 $14) 42... Qe6+ 43. Kd2 g4 (43... h5 $11) 44. Qc7+ ({White should play} 44. Nf4 $16 Qd7 45. fxg4) 44... Qd7 $11 45. Qxd7+ Nxd7 46. fxg4 {[%mdl 4096] Endgame Strongly threatening a5. KN-KN} Nc5 47. a5 {aiming for Ke3.} Nb3+ 48. Kd3 Nxa5 49. Nf4 Nc6 50. g5 hxg5 51. Nxd5 Ke6 52. Ke4 Ne5 53. Nc7+ Kf6 54. Nb5 Ke6 55. Nd4+ Kd6 56. Nb3 Nd7 57. Kd4 g4 58. Nd2 Ne5 $2 {[%mdl 8192] [#]} (58... Ke6 $11) 59. Nc4+ $1 {Accuracy: White = 62%, Black = 44%.} 1-0

[Event "3rd Sharjah Masters 2019"]
[Site "Sharjah"]
[Date "2019.03.30"]
[Round "9.18"]
[White "Gupta, Abhijeet"]
[Black "Raja Rithvik R"]
[Result "1-0"]
[WhiteElo "2602"]
[BlackElo "2423"]
[Annotator "TA"]
[PlyCount "87"]
[EventDate "2019.03.22"]
[EventType "swiss"]
[EventCountry "UAE"]
[SourceTitle "playchess.com"]
[Source "ChessBase"]
[SourceQuality "1"]

{[%evp 28,87,-9,-11,-11,-22,-13,-14,-14,-17,-14,-10,0,-7,18,27,49,55,61,0,64,60,69,81,136,131,202,147,149,154,164,137,140,122,129,133,125,121,140,129,132,127,123,118,156,152,139,145,308,300,318,323,413,413,413,401,412,372,633,627,801,806]} 1. d4 Nf6 2. c4 e6 3. g3 d5 4. Bg2 Be7 5. Nf3 O-O 6. O-O dxc4 7. Qc2 a6 8. a4 Bd7 9. Qxc4 Bc6 10. Bf4 Bd6 {E05: Open Catalan: 5 Nf3 Be7} 11. Qc1 a5 (11... Bd5 12. Nc3 Nc6 13. Rd1 Nb4 14. Bg5 Be7 15. Nxd5 exd5 16. a5 Nc6 17. Ne5 Na7 18. Nd3 Nb5 19. Ra4 c6 20. Qc2 Re8 21. Bc1 Rc8 {½-½ (21) Fedoseev,V (2714)-Aronian,L (2765) Germany 2019}) 12. Nc3 Na6 13. Bg5 h6 14. Bxf6 Qxf6 15. e4 {LiveBook: 5 Games} e5 16. d5 Bd7 17. Nd2 {[#]} c6 $146 ({Predecessor:} 17... Nb4 18. Nc4 {½-½ (56) Gupta,A (2625)-Swapnil,S (2517) New Delhi 2017}) 18. Nc4 Nb4 19. Qd2 {[#] And now dxc6 would win.} Bc5 20. Kh1 cxd5 21. exd5 {Hoping for Ne4.} Bf5 22. f4 Bd3 23. Ne4 ({White should try} 23. fxe5 $14 Qg5 24. Rf4 Bxc4 25. Ne4 {[%mdl 64] Double Attack}) 23... Bxe4 (23... Qe7 $1 $11 24. d6 Bxd6 25. Ncxd6 (25. Nexd6 Rad8 $11) 25... f5) 24. Bxe4 $14 exf4 25. Rxf4 Qg5 (25... Qd8 $142) 26. d6 $16 Nc6 (26... Rad8 $16 27. Bxb7 Rfe8) 27. Qd5 Qxd5 28. Bxd5 Rad8 29. Rd1 {Black must now prevent Bxc6.} Bb4 30. Rf5 Rd7 31. Rdf1 Nd8 32. Bg2 Ne6 33. Bh3 ({Don't take} 33. Nxa5 $6 g6 $14) 33... Re8 34. Rd5 Red8 35. Rfd1 g6 36. Re5 Re8 37. Bxe6 Rxe6 $2 {[#]} (37... fxe6 $16 {was called for.} 38. Kg2 Kh7) 38. Rxe6 $18 fxe6 $16 {[%mdl 4096] Endgame KRB-KRN} 39. Kg2 Kf8 40. Kf3 Ke8 41. Ke4 Rf7 42. Ke5 Kd7 $2 (42... Rf2 43. Kxe6 b6) 43. Nb6+ $18 Kc6 44. d7 {Accuracy: White = 85%, Black = 56%.} 1-0

[Event "3rd Sharjah Masters 2019"]
[Site "Sharjah"]
[Date "2019.03.30"]
[Round "9.19"]
[White "Chanda, Sandipan"]
[Black "Sukandar, Irine Kharisma"]
[Result "1-0"]
[WhiteElo "2534"]
[BlackElo "2381"]
[Annotator "TA"]
[PlyCount "81"]
[EventDate "2019.03.22"]
[EventType "swiss"]
[EventCountry "UAE"]
[SourceTitle "playchess.com"]
[Source "ChessBase"]
[SourceQuality "1"]

{[%evp 9,81,-6,0,5,5,3,9,9,10,7,32,0,4,10,51,41,50,43,78,51,62,22,23,29,44,29,37,12,12,12,12,0,0,4,10,0,12,12,12,12,0,6,12,0,189,188,183,172,284,285,285,285,285,285,286,286,286,286,273,277,387,184,560,561,536,535,677,658,1542,1532,1455,1393,1264,951]} 1. d4 Nf6 2. c4 e6 3. Nc3 Bb4 4. e3 O-O 5. Bd2 c5 6. a3 {E46: Nimzo-Indian: Rubinstein: 4 e3 0-0 5 Ne2 without early Bd3} Bxc3 7. Bxc3 Ne4 (7... cxd4 8. Qxd4 d5 9. cxd5 exd5 10. Bd3 Nc6 11. Qh4 Ne4 12. Qxd8 Rxd8 13. Bxe4 dxe4 {1-0 (46) Ivanisevic,I (2574)-Pavlovic,M (2482) Valjevo 2018}) 8. Ne2 {The position is equal.} b6 9. d5 $146 ({Predecessor:} 9. dxc5 bxc5 10. Qc2 Bb7 11. Rd1 d6 12. f3 Nxc3 13. Nxc3 Qh4+ {½-½ (47) Struzka,V (2193)-Postupa,P (2251) ICCF email 2015}) 9... d6 10. f3 (10. Qd3 {is more complex.} f5 11. f3 Nxc3 12. Nxc3 Nd7 13. O-O-O) 10... Nxc3 11. Nxc3 e5 12. Bd3 Qh4+ 13. g3 Qh6 14. Qe2 f5 15. h4 Nd7 {[%cal Bb8d7,Bd7f6,Bf6h5,Bh5g3,Bg3h1][%mdl 32]} 16. e4 Nf6 17. exf5 Nh5 18. g4 {aiming for g5.} Ng3 $1 {[%csl LRe2,LRh1][%mdl 64] Double Attack} 19. Qd2 $1 {[%cal Rd2h6] Strongly threatening Qxh6.} Nxh1 20. Qxh6 gxh6 21. Ne4 h5 {Hoping for ...hxg4.} 22. Ke2 hxg4 23. fxg4 {[#]} h5 $1 24. Rxh1 (24. gxh5 Bxf5) 24... hxg4 25. Nxd6 Rf6 26. Ne8 Rxf5 $2 (26... Rh6 $11) 27. Bxf5 $18 Bxf5 $11 {[%mdl 4096] Endgame KRB-KRN} 28. Rf1 Bg6 (28... Rxe8 $142 29. Rxf5 Kg7 30. Rg5+ Kf6) 29. Nf6+ $18 Kg7 30. h5 ({Much less strong is} 30. Nxg4 $6 Rh8 $16) 30... Bf7 {[#]} 31. h6+ $1 {[%mdl 576] Decoy} Kxh6 32. Nxg4+ {[%mdl 64] Double Attack, Discovered Attack} Kg7 33. Nxe5 Bh5+ 34. Kd2 Re8 35. Re1 (35. d6 $142) 35... Rf8 $2 (35... Kf6 {is more resistant.}) 36. Rg1+ {White is clearly winning.} Kh6 37. d6 Rd8 38. d7 Be8 39. Rg8 Rxd7+ 40. Nxd7 Bxd7 41. Ra8 {Accuracy: White = 49%, Black = 53%.} 1-0

[Event "3rd Sharjah Masters 2019"]
[Site "Sharjah"]
[Date "2019.03.30"]
[Round "9.20"]
[White "Debashis, Das"]
[Black "Dimakiling, Oliver"]
[Result "1-0"]
[WhiteElo "2532"]
[BlackElo "2423"]
[Annotator "TA"]
[PlyCount "71"]
[EventDate "2019.03.22"]
[EventType "swiss"]
[EventCountry "UAE"]
[SourceTitle "playchess.com"]
[Source "ChessBase"]
[SourceQuality "1"]

{[%evp 14,71,37,35,35,35,36,39,56,39,39,53,51,47,43,38,45,39,78,86,87,87,78,85,155,109,226,224,226,187,191,191,201,196,281,279,336,332,589,579,543,414,444,444,462,458,593,581,737,731,693,679,576,562,529,437,898,897,2074,1994]} 1. d4 d5 2. c4 c6 3. Nf3 g6 4. e3 Bg7 5. Nc3 Nf6 6. Be2 O-O 7. O-O b6 8. b4 Ne4 {D94: Grünfeld: 4 Nf3 Bg7 5 e3} 9. Bb2 Nxc3 10. Bxc3 Nd7 {White is slightly better.} 11. Rc1 $146 ({Predecessor:} 11. Qb3 Bb7 12. cxd5 cxd5 13. a4 a6 14. Ne1 Nf6 15. Ra2 Ne4 16. Ba1 {½-½ (30) Giri,A (2730)-Wang,H (2742) London 2012}) 11... Bb7 12. cxd5 cxd5 13. Qb3 a6 14. b5 Nf6 15. Ne5 axb5 16. Bxb5 Ne4 17. Bb4 {aiming for Nc6.} Bxe5 18. dxe5 f6 (18... Ba6 $142 19. Bxa6 Rxa6) 19. f3 Ng5 (19... Nc5 $16 20. Bxc5 bxc5) 20. exf6 Rxf6 21. Bc3 Rf7 22. Ba1 Ne6 23. Qb2 {[%csl Ga1][%cal Rb2h8]} Rf6 (23... d4 $142 24. Rfd1 (24. exd4 Bd5 $16) 24... Kf8) 24. Rfd1 $18 Qd6 {[#]} 25. e4 $1 {[%mdl 512] And now e5 would win.} Qf4 $2 (25... d4 26. Bc4 Kf8 27. Bxe6 Qxe6 28. Qxd4 g5) (25... dxe4 26. Rxd6) 26. exd5 Ng5 27. Qe2 Rf5 28. Bc4 {Threatens to win with d6+.White is clearly winning.} (28. Qxe7 $2 Nxf3+ 29. gxf3 Rg5+ 30. Qxg5 (30. Kf2 $2 Rxa2+ 31. Qe2 Rh5 $19) 30... Qxg5+ 31. Kh1 Qf4 $19) 28... Kf8 29. Re1 e6 30. Be5 ({Not} 30. Qb2 Nxf3+ 31. gxf3 Rg5+ 32. Kf2 Qxh2+ 33. Ke3 Qxb2 $18) 30... Qh4 31. Bg3 Qd4+ 32. Bf2 Qf6 33. h4 Nxf3+ 34. gxf3 Rxf3 (34... Bxd5 $142 35. Bxd5 exd5) 35. Rf1 ({But not} 35. dxe6 $2 Rh3 $19) 35... Kg7 {[#]} 36. Qxf3 $1 {[%mdl 512] Accuracy: White = 76%, Black = 35%.} 1-0

[Event "3rd Sharjah Masters 2019"]
[Site "Sharjah"]
[Date "2019.03.30"]
[Round "9.21"]
[White "Kuybokarov, Temur"]
[Black "Fenil, Shah"]
[Result "1-0"]
[WhiteElo "2519"]
[BlackElo "2360"]
[Annotator "TA"]
[PlyCount "71"]
[EventDate "2019.03.22"]
[EventType "swiss"]
[EventCountry "UAE"]
[SourceTitle "playchess.com"]
[Source "ChessBase"]
[SourceQuality "1"]

{[%evp 11,71,52,60,11,-8,5,58,62,54,62,58,45,43,14,24,31,48,45,48,34,36,36,29,45,78,96,88,80,85,84,95,73,49,72,83,40,281,290,287,266,355,361,352,345,333,250,598,595,622,590,537,550,535,587,581,557,2633,2947,29973,29974,29951,12329]} 1. d4 d5 2. c4 e6 3. Nf3 a6 4. Nbd2 (4. e3 Nf6 5. Nc3 dxc4 6. Bxc4 b5 7. Be2 Bb7 8. O-O Nbd7 9. b3 c5 10. Bb2 Be7 11. Rc1 O-O 12. Qc2 Rc8 13. Qb1 Qb6 14. Rfd1 Rfd8 15. h3 h6 16. dxc5 Nxc5 17. Rxd8+ Rxd8 {0-1 (59) Mamedyarov,S (2817)-Carlsen,M (2835) St Petersburg 2018}) 4... Nf6 5. g3 dxc4 6. Nxc4 {D30: Queen's Gambit Declined: Systems without Nc3} b5 {LiveBook: 6 Games} 7. Na5 $146 ({Predecessor:} 7. Nce5 Bb7 8. Bg2 Qc8 9. O-O Be7 10. Bf4 O-O 11. Rc1 Ra7 {1-0 (37) Shabalov,A (2544)-Lenderman,A (2611) Tysons 2017}) 7... c5 8. Bd2 $1 {The position is equal.} b4 ({Black should play} 8... c4 $11) 9. Nc4 $14 Bb7 10. Bg2 Be7 11. O-O O-O 12. Bg5 Nbd7 {[%cal Bb8d7,Bd7c5,Bc5e4][%mdl 32]} 13. dxc5 Nxc5 14. Qxd8 Rfxd8 15. Na5 Be4 16. Ne5 Bxg2 17. Kxg2 Nce4 18. Nec6 Nxg5 19. Nxe7+ Kf8 20. Nec6 Rd2 21. Nc4 Rxe2 22. h4 Nge4 {White must now prevent ...Rc8.} 23. Rac1 $36 {[%mdl 3072] White has strong compensation. White fights for an advantage.} e5 $2 {[#]} (23... Rc8 $14) 24. Kf3 $1 $18 {[%cal Rf3e2]} Rd2 {[#]} 25. Ke3 $1 ({Inferior is} 25. Nxd2 Nxd2+ 26. Kg2 Nxf1 $11) ({Not} 25. N6xe5 Rad8 $11) 25... Rd5 26. Nb6 Rad8 {aiming for ...Rd3+.} 27. Nxd5 Rxd5 28. Nxb4 Rd2 $2 (28... Rb5 {is tougher.}) 29. Nd3 h5 30. Rc4 Ng4+ 31. Kxe4 f5+ 32. Kxf5 Rxd3 33. f3 {[%cal Bf2f3,Bf3g4][%mdl 32]} Rd6 {Threatens to win with ...Ne3+.} 34. fxg4 Rf6+ 35. Kxe5 Rxf1 36. Rf4+ {Precision: White = 88%, Black = 28%.} 1-0

[Event "3rd Sharjah Masters 2019"]
[Site "Sharjah"]
[Date "2019.03.30"]
[Round "9.22"]
[White "Rathnakaran, K.."]
[Black "Venkatesh, M.R."]
[Result "*"]
[WhiteElo "2361"]
[BlackElo "2517"]
[Annotator "TA"]
[PlyCount "31"]
[EventDate "2019.03.22"]
[EventType "swiss"]
[EventCountry "UAE"]
[SourceTitle "playchess.com"]
[Source "ChessBase"]
[SourceQuality "1"]

{[%evp 14,31,43,31,35,31,39,10,20,0,2,-27,-16,-9,-9,0,41,7,9,-363]} 1. e4 e5 2. Nf3 Nc6 3. Bb5 Nge7 4. O-O g6 5. c3 Bg7 6. d4 exd4 7. cxd4 a6 8. Ba4 b5 {C60: Ruy Lopez: Unusual Black 3rd moves and 3...g6} 9. Bb3 d6 (9... O-O 10. Nc3 d6 11. h3 Na5 12. Bc2 c5 13. dxc5 dxc5 14. Qxd8 Rxd8 {0-1 (65) Vachier Lagrave,M (2789)-Mamedyarov,S (2808) Leuven 2018}) 10. h3 O-O 11. Bg5 h6 12. Bh4 Na5 13. Bc2 g5 14. Bg3 {[#]} Ng6 $146 ({Predecessor:} 14... f5 15. exf5 Nxf5 16. Qd3 {½-½ (40) Lobanov,S (2148)-Popov,V (2557) St Petersburg 2013}) 15. Nc3 g4 $1 {[%cal Rg4f3]} 16. Nd5 $2 {[%mdl 8192]} (16. hxg4 $11 {and White has nothing to worry.} Bxg4 17. Rc1) *

[Event "3rd Sharjah Masters 2019"]
[Site "Sharjah"]
[Date "2019.03.30"]
[Round "9.23"]
[White "Harsha, Bharathakoti"]
[Black "Pranav Anand"]
[Result "1-0"]
[WhiteElo "2497"]
[BlackElo "2359"]
[Annotator "TA"]
[PlyCount "81"]
[EventDate "2019.03.22"]
[EventType "swiss"]
[EventCountry "UAE"]
[SourceTitle "playchess.com"]
[Source "ChessBase"]
[SourceQuality "1"]

{[%evp 15,81,20,25,11,15,17,49,4,30,31,16,30,14,-5,-5,0,0,-23,-20,-10,-8,0,0,0,22,8,27,-42,60,85,42,58,47,59,62,56,70,45,105,0,199,206,308,304,445,431,612,599,884,890,1196,1133,1036,791,770,785,777,777,751,764,994,922,1803,1203,2250,1601,29987,4821]} 1. d4 Nf6 2. c4 e6 3. Nc3 Bb4 4. g3 Bxc3+ 5. bxc3 O-O 6. Bg2 d6 7. Nf3 {[%cal Bg1f3,Bf3d2,Bd2b1,Bb1a3,Ba3c2][%mdl 32]} Nbd7 8. O-O e5 {[%cal Be6e5,Be5e4,Be4e3][%mdl 32]} 9. c5 {A22: English Opening: 1...e5 2 Nc3 Nf6} (9. Nd2 c5 10. e4 Qa5 11. Qc2 a6 12. f4 b5 13. dxe5 dxe5 14. Nf3 Bb7 15. fxe5 Ng4 16. e6 fxe6 17. cxb5 axb5 {½-½ (65) Moiseenko,A (2618)-Jonkman,H (2424) Kapuskasing 2003}) 9... e4 $146 ({Predecessor:} 9... exd4 10. cxd4 dxc5 11. dxc5 c6 12. Bf4 Re8 13. Bd6 Ne4 14. Rc1 Nxd6 15. cxd6 Nf6 16. Qd3 Bg4 {1-0 (39) Winants,L (2505)-Wians,C (2275) Ostend 1992}) 10. Nd2 d5 11. f3 {White is slightly better.} e3 12. Nb1 Re8 13. Na3 b6 14. c6 Nb8 15. Nc2 Nxc6 16. Nxe3 Na5 17. Rf2 h6 18. g4 {[%cal Bg3g4,Bg4g5][%mdl 32]} c5 19. h4 cxd4 20. Qxd4 Nc6 21. Qa4 (21. Qd2 $11) 21... Ne5 (21... Ne7 $15) 22. g5 $14 Bd7 23. Qd4 Nc6 24. Qd2 hxg5 25. hxg5 Nh5 26. Nxd5 Ne5 {[#]} (26... Rc8 $14) 27. Qd4 ({White should try} 27. f4 $1 $16 {[%cal Rf4e5]} Nc4 28. Qd4) 27... Ng3 $2 (27... Rc8 $11 {and Black stays safe.}) 28. e4 Bb5 (28... Rc8 {was necessary.} 29. Bf4 Nc6) 29. Bf4 Ne2+ {[#]} (29... Nc6 {was called for.} 30. Qe3 Nh5) 30. Rxe2 $1 $18 {[%mdl 512]} Bxe2 (30... Nc6 $142 31. Qf2 Bxe2 32. Qxe2 Qxd5) 31. Bxe5 Bxf3 32. Bf6 ({Not} 32. Bxf3 Qxg5+ 33. Kf2 Qxe5 $16) 32... gxf6 33. Nxf6+ Kf8 34. Bxf3 Qxd4+ 35. cxd4 {[%cal Bc3d4,Bd4d5][%mdl 32]} Red8 36. d5 Rac8 37. Kf2 b5 38. Kg3 b4 39. e5 Rc3 40. Kf4 Ra3 41. Rh1 {Precision: White = 57%, Black = 33%.} (41. d6 $142 Rxf3+ 42. Kxf3 Kg7 43. Kf4 b3 44. axb3 Rc8 45. d7 Rd8 46. Rxa7) 1-0

[Event "3rd Sharjah Masters 2019"]
[Site "Sharjah"]
[Date "2019.03.30"]
[Round "9.24"]
[White "Karthik, Venkataraman"]
[Black "Pranav Vijay"]
[Result "1-0"]
[WhiteElo "2494"]
[BlackElo "2265"]
[Annotator "TA"]
[PlyCount "151"]
[EventDate "2019.03.22"]
[EventType "swiss"]
[EventCountry "UAE"]
[SourceTitle "playchess.com"]
[Source "ChessBase"]
[SourceQuality "1"]

{[%evp 12,150,0,-2,9,19,13,20,13,12,14,8,19,19,5,0,15,24,37,17,42,0,12,0,37,42,68,70,76,45,50,16,18,0,0,0,0,0,0,-14,-11,-15,-12,-16,-13,0,0,0,0,0,56,0,0,0,52,56,65,58,117,71,108,48,77,74,398,414,978,964,1147,1083,1386,639,862,460,908,781,1228,1254,1235,1149,971,887,1412,1220,2036,1716,1878,1862,2039,1253,1933,1821,1362,0,1461,988,971,939,1507,1483,1359,1367,1123,0,2525,2438,2438,2271,6095,860,2487,3265,2352,2242,6091,6170,5817,897,822,693,602,455,29983,29984,29981,29982,29993,29994,29995,29995,29995,29996,29996,29996,29996,29997,29997,29998,29998,29999,29999]} 1. d4 Nf6 2. Bg5 e6 3. e4 h6 4. Bxf6 Qxf6 5. c3 d6 6. Bc4 {A45: Trompowsky Attack} Qg6 7. Qf3 {LiveBook: 4 Games} e5 8. Ne2 {The position is equal.} Nc6 9. Nd2 Be7 10. O-O (10. d5 Nb8 11. Ng3 Qg4 12. Qd3 g6 13. h3 Qf4 {½-½ (45) Duda,J (2738)-Miton,K (2588) St Petersburg 2018}) 10... O-O 11. Qe3 $146 ({Predecessor:} 11. Qd3 Kh8 12. Ng3 Bf6 13. Ne2 {½-½ (38) Raeva,E (2258)-Drenchev,P (2426) Sofia 2008}) 11... Bg4 12. f3 Bh3 {[%csl Gh3][%cal Rg6g2]} 13. Qf2 (13. Rf2 {with more complications.} Bh4 14. g3 Bf6 15. Bd5 Rfe8 16. Nc4) 13... Bg5 {Threatens to win with ...Be3!} 14. f4 Bh4 15. Ng3 (15. Qf3 {feels hotter.} Bg4 16. Qe3 exd4 17. Nxd4 Rfe8 18. Bd3) 15... Bd7 16. Rae1 exf4 17. Qxf4 Bg5 (17... Bxg3 $5 18. hxg3 Rae8 $14) 18. Qf2 Rae8 19. Nf3 Bd8 20. Bb5 Qh7 21. d5 Ne5 22. Bxd7 Nxd7 23. Qxa7 Nc5 24. b4 (24. e5 {keeps more tension.} Nd3 25. Re3 dxe5 26. Qxb7 e4 27. Nd4) 24... Nxe4 25. Nxe4 Rxe4 26. Qxb7 Rxe1 27. Nxe1 Qe4 28. Nf3 Qe3+ 29. Kh1 Qxc3 30. a4 {[%cal Ba2a4,Ba4a5,Ba5a6][%mdl 32]} Bg5 (30... Qc4 $11 31. Rg1 g5) 31. Nxg5 (31. a5 $14) 31... hxg5 $14 {[%mdl 4096] Endgame KQR-KQR} 32. Qb5 g6 ({Black should try} 32... f5 $11) 33. a5 Kg7 34. a6 Qe3 (34... Rh8 $14) 35. Qc6 g4 36. Qxc7 ({White should play} 36. Qc4 $16) 36... Qd3 {[%cal Rd3f1]} 37. Ra1 $1 $36 {[%mdl 2048] White has strong initiative.} Rh8 $2 {[%mdl 8192]} (37... Qd4 $16 {is more resistant.} 38. Qc1 Qxb4) 38. Qxd6 $18 Qc3 (38... Qd4 $142 39. Rf1 Rc8) 39. Rf1 g3 40. h3 Re8 41. Qd7 (41. a7 $142 Qc4 42. Qf6+ Kh6 43. Qxf7) 41... Qf6 {[%cal Rf6f1]} 42. Rg1 Re2 (42... Rh8 $142 43. d6 Qf2) 43. Qc6 {Qxf6+ is the strong threat.} Qd4 44. Qc5 Qh4 45. Qc3+ Kh7 46. Ra1 Qf4 47. Qf3 Qd4 48. Qxf7+ Kh6 49. Qf1 Rf2 50. Qc1+ Kh7 51. Qg1 (51. a7 {gets mated.} Rxg2 $3 {[%mdl 512]} 52. Qc7+ Kh6 53. Qc1+ Rd2 54. Qxd2+ Qxd2 55. Ra2 Qxa2 56. Kg1 Qh2+ 57. Kf1 Qf2#) 51... Qb2 52. Qc1 {Strongly threatening Qxb2.} Qd4 $1 {( -> ...Rxg2!)} 53. Qc7+ (53. a7 Rxg2 $3 {[%mdl 512]} 54. Qc7+ Kh6 55. Qc1+ Rd2 56. Qxd2+ Qxd2 57. Ra2 Qxa2 58. Kg1 Qh2+ 59. Kf1 Qf2#) 53... Kh6 {[#]} 54. Rg1 $1 Qh4 55. Qc8 Qd4 56. Qg4 Qe3 57. d6 $2 (57. Qc4 $18 Rf4 58. Qc1 Qxc1 59. Rxc1 Rxb4 60. d6) 57... Qd3 $2 {[%mdl 8192]} (57... Rxg2 $11 58. Rxg2 (58. Qh4+ Kg7 $17) 58... Qc1+ 59. Rg1 Qc6+ 60. Rg2 Qc1+ 61. Rg1 Qc6+ 62. Rg2 Qc1+) 58. Qh4+ Kg7 59. Qe7+ Kh6 60. Qe1 Qxa6 61. Qe3+ g5 62. Qxg3 Rf4 63. Rd1 Qe2 64. Qe1 Qxe1+ 65. Rxe1 {KR-KR} Rd4 66. b5 Rb4 (66... Rxd6 $18 67. Rc1 Kh5) 67. Rd1 {White mates.} Rxb5 68. d7 Rf5 69. d8=Q Rf7 70. Qh8+ Kg6 71. Rd6+ Kf5 72. Qc8+ Kf4 73. Qc4+ Kg3 74. Rd3+ Kf2 75. Qc2+ Ke1 76. Rd1# {Precision: White = 60%, Black = 31%.} 1-0

[Event "3rd Sharjah Masters 2019"]
[Site "Sharjah"]
[Date "2019.03.30"]
[Round "9.25"]
[White "Iniyan, P."]
[Black "Bharath Subramaniyam H"]
[Result "1-0"]
[WhiteElo "2487"]
[BlackElo "2301"]
[Annotator "TA"]
[PlyCount "149"]
[EventDate "2019.03.22"]
[EventType "swiss"]
[EventCountry "UAE"]
[SourceTitle "playchess.com"]
[Source "ChessBase"]
[SourceQuality "1"]

{[%evp 23,149,42,53,45,59,57,65,62,83,83,92,25,30,0,0,0,19,-42,-33,-28,-40,-45,-30,-50,-31,-42,75,47,77,47,47,47,47,47,62,35,59,52,113,113,113,113,113,113,113,113,113,113,440,439,368,415,515,503,483,474,901,873,960,945,7163,6211,1190,5227,4698,1054,1006,971,1917,1816,6996,6725,29983,29984,29984,29985,29985,29986,29986,29987,29987,29987,29987,29987,29988,29989,29989,29989,29989,29990,29990,29991,29991,29992,29992,29993,29993,29994,29994,29994,29994,29994,29994,29995,29996,29994,29994,29995,29995,29996,29996,29994,29995,29994,29994,29995,29995,29996,29996,29996,29997,29996,29996,29997,29998,29998,29998,29999]} 1. d4 Nf6 2. c4 e6 3. Nc3 c5 4. d5 exd5 5. cxd5 d6 6. e4 g6 7. Nge2 Bg7 8. Ng3 O-O 9. Be2 Na6 10. O-O {A65: Modern Benoni: 6 e4} Nc7 11. Bg5 (11. a4 Nd7 12. Bf4 Ne5 13. Qd2 h5 14. h3 Bd7 15. Rae1 a6 16. Bh6 h4 17. Nh1 f6 18. Bxg7 Kxg7 {0-1 (45) Mchedlishvili,M (2601)-Pantsulaia,L (2607) Tbilisi 2017}) 11... h6 12. Be3 Re8 {LiveBook: 8 Games} 13. Qd2 Kh7 14. f3 Rb8 15. a4 a6 16. Rab1 b5 {[#]} 17. axb5 (17. b4 $1 $16) 17... Nxb5 $11 18. Bxb5 axb5 19. b4 $146 Nd7 $1 20. bxc5 ({White should play} 20. Nd1 $11) 20... b4 $15 21. Na4 {c6 is the strong threat.} Qa5 $1 {[%cal Ra5a4]} 22. c6 Qxa4 23. cxd7 Bxd7 {And now ...b3 would win.} 24. Bd4 f6 (24... Rec8 $15 {keeps the upper hand.} 25. Bxg7 Kxg7) 25. Qb2 Rf8 26. Rfc1 (26. Ra1 $5 {[%cal Ra1a4]} Qb5 27. Ra7 $16) 26... b3 27. Ne2 Rb7 28. h3 Qb4 29. Bc3 Qb6+ 30. Kh2 Ra8 ({Black should try} 30... h5 $14) 31. Bxf6 $16 Ra2 {[#]} 32. Qxa2 $3 {[%mdl 512]} Bxf6 (32... bxa2 $2 {is the wrong capture.} 33. Rxb6 Rxb6 34. Bxg7 $18) 33. Rxb3 Qxb3 34. Qxb3 Rxb3 35. Rc7 Be5+ $2 {[%mdl 8192]} (35... Kg8 $16) 36. f4 $18 Bg7 37. Rxd7 {[%mdl 4096] Endgame KRB-KRN} Re3 38. Ng3 h5 39. h4 Kh8 (39... Rd3 $142 40. Rxd6 Bd4) 40. Rxd6 Bh6 41. Rf6 Kg7 42. e5 Rd3 43. d6 Rd4 44. Ne2 Rd2 45. Ng1 Rd4 46. Nh3 Rd5 47. Ng5 Bxg5 48. hxg5 {KR-KR. White mates.} Rd4 49. e6 Rxd6 {[#]} 50. e7 $1 Rxf6 51. gxf6+ {KP-KP} Kf7 52. Kg3 Ke8 53. Kh4 Kf7 54. Kg5 h4 55. Kxh4 Ke8 56. Kg5 Kf7 57. g4 {[%cal Bg2g4,Bg4g5,Bg5g6,Bg6g7,Bg7g8][%mdl 32]} Ke8 58. Kxg6 Kd7 59. Kf7 Kc6 60. e8=Q+ Kc5 61. g5 Kd4 62. g6 Kc3 63. g7 Kd2 64. g8=N Kd1 65. Kg7 Kd2 66. f7 Kd3 67. f8=B Kc2 68. f5 Kd3 69. f6 Kc2 70. f7 Kb2 71. Qc8 Kb1 72. Be7 Kb2 73. f8=R Kb1 74. Rf6 Ka2 75. Qb8 {Precision: White = 71%, Black = 33%.} 1-0